000 00408 a2200133 4500
005 20250506145109.0
020 _a0-434-91269-7
082 _a658.151. MCN
100 _aMCNAMEE, P.
245 _aManagement Accounting : Strategic Planning and Marketing stage 4
260 _aOxford,
_bHeinemann Professional Publishing,
_c1988.
300 _aix, 477p.: ill.; figure, table,
_bindex,
_c23cm.
942 _2ddc
_cBKS
999 _c2050
_d2050